Normal view
MARC view
- العبادي، ايلاف فؤاد
Entry Personal Name
001 - CONTROL NUMBER
- control field: 63941
003 - CONTROL NUMBER IDENTIFIER
- control field: JO-AjAnu
005 - DATE AND TIME OF LATEST TRANSACTION
- control field: 20230606084432.0
008 - FIXED-LENGTH DATA ELEMENTS
- fixed length control field: 230606|| aca||aabn | a|a d
040 ## - CATALOGING SOURCE
- Original cataloging agency: JO-AjAnu
- Transcribing agency: JO-AjAnu
100 ## - HEADING--PERSONAL NAME
- Personal name: العبادي، ايلاف فؤاد
670 ## - SOURCE DATA FOUND
- Source citation: Work cat.: (JO-AjAnu)32597: العبادي، ايلاف فؤاد, author, انقاذ المشروعات المتعثرة وفقا لقانون الاعسار رقم 21 لسنة 2018